000 00289nam a22001337a 4500
008 181226b xxu||||| |||| 00| 0 eng d
020 _a804355
041 _aeng
080 _23rd
_a321
100 _a19
101 _aSHP
245 _aParty Politics in America
_cSorauf
942 _2udc
_cBK
999 _c53770
_d53770